000 00790nam a22002175i 4500
001 176307
003 ES-MaACL
005 20250916063058.0
008 110107s1972 sp |||| | spa d
080 _a821.133.1-311.2"19"
100 1 _aDuhamel, Georges,
_d1884-1966
_945938
245 1 3 _aEl notario de el Havre /
_cGeorges Duhamel ; estudio, notas y comentarios de texto por T. Otero Sande.
260 _aMadrid :
_bNarcea,
_cD. L. 1972.
300 _a264 p. ;
_c18 cm.
490 1 _aBitácora. Biblioteca del estudiante ;
_v22
594 _aTít. original: Le notaire du Havre.
700 0 _aOtero Sande, María Teresa.
_9144618
830 0 _aBitácora. Biblioteca del estudiante ;
_v22
_9181903
852 _aES-MaACL
_jE-13954
_xOlim P-1892
999 _c176307
_d176307